| 000 | 00000nam##2200000za#4500 |
| 001 | 9.526121 |
| 003 | CaOODSP |
| 005 | 20220623094106 |
| 007 | ta |
| 008 | 150406|1995||||xxc||||| f|0| 0 fre|d |
| 020 | |a0-662-61942-0 |
| 040 | |aCaOODSP|bfre |
| 041 | |aeng |
| 041 | |afre |
| 043 | |an-cn--- |
| 086 | 1 |aC21-23/7 |
| 110 | 1 |aCanada. |bIndustrie Canada. |
| 245 | 13|aLa politique de concurrence en tant que dimension de la politique économique : |bune analyse comparative / |cpar Robert D. Anderson et S. Dev Khosla, Direction de l'économique et des affaires internationales, Bureau de la politique de concurrence. |
| 260 | |aOttawa - Ontario : |bIndustrie Canada |c1995. |
| 300 | |aTexte français, v, 120p. : |bréférences ; |c23 cm. |
| 490 | 1 |aDocument hors série|vN° 7, mai 1995 |
| 500 | |aSommaire: Introduction.--La politique de concurrence à une époque de mondialisation: une vue d'ensemble des notions.--Principales caractéristiques de la politique de concurrence du Canada.--Les rapports entre la politique de concurrence et les autres politiques économiques.--La politique de concurrence dans différent pays.--L'avenir de la politique de concurrence au Canada.--Conclusion. |
| 546 | |aBilingue |
| 563 | |aCouverture souple |
| 590 | |a95-28|b1995-07-14 |
| 691 | 07|aConcurrence|2gcpds |
| 691 | 07|aPolitique économique|2gcpds |
| 720 | 1 |aAnderson, Robert D. |
| 720 | 1 |aDev Khosla, S. |
| 776 | 0#|tCompetition policy as a dimension of economic policy - a comparative perspective : |w(CaOODSP)9.570598 |
| 776 | 0#|tLa politique de concurrence en tant que dimension de la politique économique : une analyse comparative : |w(CaOODSP)9.601246 |
| 791 | |tCompetition as a dimension of economic policy : |eeng|w(CaOODSP)9.526120 |
| 830 | #0|aDocument hors série (Canada. Industrie Canada)|vN° 7, mai 1995|w(CaOODSP)9.509051 |